[Event "10. Longericher Sommer-Open A"]
[Site "?"]
[Date "2013.07.20"]
[Round "2.26"]
[White "Runte, Dirk"]
[Black "Karwatzki, Hans-Jürgen"]
[Result "1-0"]
[WhiteElo "1742"]
[BlackElo "1714"]
[PlyCount "127"]
[EventDate "2013.??.??"]
[WhiteTeam "SV Fideler Bauer Lever"]
[BlackTeam "Vereinigung der Schachsportfreun"]

1. d4 Nf6 2. c4 e6 3. Nf3 d5 4. g3 c5 5. Bg2 Nc6 6. cxd5 exd5 7. O-O c4 8. Nc3
Be7 9. Ne5 O-O 10. e4 dxe4 11. Nxc6 bxc6 12. Nxe4 Nd5 13. Qa4 Be6 14. Nc5 Nb6
15. Nxe6 fxe6 16. Qxc6 Qc8 17. d5 Qxc6 18. dxc6 Rac8 19. Be3 Bf6 20. Rab1 Rfd8
21. Rfc1 Rd6 22. Bxb6 axb6 23. Rxc4 Rd2 24. c7 Rd4 25. Rbc1 Rxc4 26. Rxc4 Be5
27. Bh3 Kf7 28. Rc6 Rxc7 29. Bxe6+ Ke7 30. Rxc7+ Bxc7 31. Bc4 Kd6 32. b3 Kc5
33. a4 Kd4 34. f3 Ke3 35. Kg2 g5 36. h4 gxh4 37. gxh4 Bd6 38. Bg8 h6 39. Bd5
Kd4 40. Bf7 Ke3 41. Bh5 Kf4 42. Bg4 Ke3 43. Kh3 Kf4 44. Kg2 Ke3 45. Kf1 Bb4 46.
h5 Bd6 47. Ke1 Kd3 48. Kd1 Kc3 49. Be6 Kd3 50. Kc1 Kc3 51. Bc4 Kd4 52. Kc2 Bb4
53. Be6 Bd6 54. Bd7 Be5 55. b4 Kc4 56. a5 bxa5 57. bxa5 Bb8 58. a6 Kd4 59. f4
Ke4 60. f5 Ke5 61. Kd3 Kf6 62. Ke4 Kg5 63. Be8 Kf6 64. Bg6 1-0

[Event "10. Longericher Sommer-Open A"]
[Site "?"]
[Date "2013.07.20"]
[Round "3.1"]
[White "Rotstein, Arkadij"]
[Black "Dijkhuis, Sven"]
[Result "0-1"]
[WhiteElo "2498"]
[BlackElo "1793"]
[PlyCount "77"]
[EventDate "2013.??.??"]
[WhiteTeam "SG Porz e.V."]
[BlackTeam "Schaakclub Utrecht (NL)"]

1. e4 c5 2. Nf3 e6 3. d4 cxd4 4. Nxd4 Nf6 5. Nc3 d6 6. Be3 a6 7. Qd2 b5 8. f3
Nbd7 9. O-O-O Bb7 10. g4 h6 11. h4 b4 12. Nce2 d5 13. Bh3 dxe4 14. g5 exf3 15.
Ng3 Nd5 16. g6 Nc5 17. gxf7+ Kxf7 18. Nxf3 Qc7 19. Qf2 Nxe3 20. Rd7+ Nxd7 21.
Ng5+ Ke7 22. Qf7+ Kd6 23. Qxe6+ Kc5 24. Qxe3+ Kb5 25. Rd1 hxg5 26. Rxd7 Qf4 27.
Rxb7+ Ka5 28. Qxf4 gxf4 29. Ne4 Re8 30. Bg2 Rxh4 31. Bf3 g5 32. Nd2 Rc8 33. Bd5
g4 34. Nb3+ Ka4 35. Be6 Rd8 36. Rd7 Re8 37. Rd5 Rh1+ 38. Kd2 Rd8 39. Bd7+ {
Zeitueberschreitung} 0-1

[Event "10. Longericher Sommer-Open A"]
[Site "?"]
[Date "2013.07.20"]
[Round "3.2"]
[White "Mandt, Joachim"]
[Black "Dijkhuis, Tycho"]
[Result "0-1"]
[WhiteElo "1788"]
[BlackElo "2152"]
[PlyCount "54"]
[EventDate "2013.??.??"]
[WhiteTeam "Vereinigung der Schachsportfreun"]
[BlackTeam "Schaakclub Utrecht (NL)"]

1. e4 c5 2. c3 Nf6 3. e5 Nd5 4. d4 cxd4 5. cxd4 d6 6. Nc3 Nxc3 7. bxc3 dxe5 8.
Bb5+ Bd7 9. Bxd7+ Nxd7 10. Qa4 exd4 11. cxd4 e6 12. Rb1 Qc7 13. Bd2 Bd6 14. Rc1
Qd8 15. Nf3 O-O 16. O-O Nb6 17. Qb3 Qd7 18. Rfe1 Rac8 19. Rcd1 Qa4 20. Qd3 Qxa2
21. Ra1 Qc4 22. Qe4 Qd5 23. Rxa7 Qxe4 24. Rxe4 Nc4 25. Re1 Nxd2 26. Nxd2 Bb4
27. Ra2 Rfd8 0-1

[Event "10. Longericher Sommer-Open A"]
[Site "?"]
[Date "2013.07.20"]
[Round "3.3"]
[White "Jordans, Ralph"]
[Black "Jesse, Ingemars"]
[Result "0-1"]
[WhiteElo "1939"]
[BlackElo "2320"]
[PlyCount "76"]
[EventDate "2013.??.??"]
[WhiteTeam "Ford-SF Köln e.V."]
[BlackTeam "LSV Turm Lippstadt"]

1. c4 g6 2. g3 Bg7 3. Bg2 d6 4. Nc3 c5 5. Nf3 Nc6 6. O-O e5 7. d3 h6 8. a3 Nge7
9. Rb1 f5 10. e3 O-O 11. b4 e4 12. dxe4 Bxc3 13. exf5 Bxf5 14. Rb3 cxb4 15.
axb4 Bg7 16. Nd4 Nxd4 17. exd4 d5 18. c5 Kh7 19. Re1 Nc6 20. Be3 Re8 21. Qd2
Nxd4 22. Bxd4 Rxe1+ 23. Qxe1 Bxd4 24. Qd2 Bg7 25. Qxd5 Qxd5 26. Bxd5 Rb8 27.
Kg2 Bd7 28. Ra3 a6 29. h4 h5 30. Kg1 Bh6 31. Ra2 Kg7 32. Kg2 Kf6 33. Re2 Bc6
34. Bxc6 bxc6 35. Ra2 Ra8 36. b5 cxb5 37. c6 Ke6 38. c7 Kd7 0-1

[Event "10. Longericher Sommer-Open A"]
[Site "?"]
[Date "2013.07.20"]
[Round "3.4"]
[White "de Vivie, Achim"]
[Black "Mohaupt, Sascha"]
[Result "0-1"]
[WhiteElo "1805"]
[BlackElo "2179"]
[PlyCount "66"]
[EventDate "2013.??.??"]
[WhiteTeam "SF Köln-Longerich 195"]
[BlackTeam "SV Wermelskirchen 32"]

1. e4 c5 2. Nf3 e6 3. d4 cxd4 4. Nxd4 Nf6 5. Nc3 d6 6. Be2 a6 7. Be3 Qc7 8. Qd3
Nbd7 9. Nb3 b5 10. a3 Bb7 11. O-O Be7 12. f4 O-O 13. Rad1 Rac8 14. Nd2 Nc5 15.
Bxc5 Qxc5+ 16. Kh1 d5 17. exd5 Nxd5 18. Nxd5 Bxd5 19. c3 Rfd8 20. Qh3 Rc7 21.
Nf3 Qe3 22. Bd3 h6 23. f5 Bxf3 24. Qxf3 Qxf3 25. Rxf3 Rcd7 26. fxe6 fxe6 27.
Kg1 e5 28. Kf1 e4 29. Bc4+ bxc4 30. Rxd7 Rxd7 31. Re3 Rd1+ 32. Re1 Rxe1+ 33.
Kxe1 Kf7 0-1

[Event "10. Longericher Sommer-Open A"]
[Site "?"]
[Date "2013.07.20"]
[Round "3.5"]
[White "Ljuboschiz, Alexander"]
[Black "Statz, Samuel"]
[Result "1-0"]
[WhiteElo "2167"]
[BlackElo "1805"]
[PlyCount "63"]
[EventDate "2013.??.??"]
[WhiteTeam "SK Altenkirchen"]
[BlackTeam "SV Erftstadt e.V."]

1. e4 e5 2. Nf3 Nc6 3. Bc4 Bc5 4. c3 d6 5. d4 Bb6 6. dxe5 Nxe5 7. Nxe5 dxe5 8.
Bxf7+ Ke7 9. Qxd8+ Kxd8 10. Bg5+ Nf6 11. Nd2 Rf8 12. Bb3 h6 13. Bh4 g5 14. Bg3
Nh5 15. f3 Nf4 16. Bxf4 exf4 17. Nc4 Ke7 18. O-O-O Be6 19. Nxb6 axb6 20. Bxe6
Kxe6 21. a3 Rfd8 22. Rxd8 Rxd8 23. Rd1 Ra8 24. Kc2 c6 25. Kd3 h5 26. Ke2 Rg8
27. g3 h4 28. g4 Ra8 29. Rd4 b5 30. Kd3 Ke5 31. Rd7 Rb8 32. Rf7 1-0

[Event "10. Longericher Sommer-Open A"]
[Site "?"]
[Date "2013.07.20"]
[Round "3.6"]
[White "Ringeltaube, Denny"]
[Black "Karimi, Farhad"]
[Result "0-1"]
[WhiteElo "1765"]
[BlackElo "2165"]
[PlyCount "88"]
[EventDate "2013.??.??"]
[WhiteTeam "Klub Kölner SF e.V. 1"]
[BlackTeam "Satranc Club 2000 e.V."]

1. e4 c5 2. Nc3 e6 3. Nf3 a6 4. a4 Qc7 5. Bc4 Nc6 6. O-O Nf6 7. h3 h5 8. d4
cxd4 9. Ne2 Nxe4 10. Bd3 Nf6 11. Nexd4 Nb4 12. c3 Nxd3 13. Qxd3 Be7 14. Bg5 d5
15. Rfe1 Ne4 16. Bxe7 Qxe7 17. c4 O-O 18. cxd5 exd5 19. Nd2 Nc5 20. Qf3 Qh4 21.
N4b3 Nxb3 22. Nxb3 Be6 23. Nc5 Rac8 24. Nd3 Rc4 25. Re5 g6 26. b3 Rc3 27. Re3
Qd4 28. Rd1 Rxb3 29. Nf4 Rxe3 30. Rxd4 Rxf3 31. gxf3 Rd8 32. Kg2 Kg7 33. Kg3
Kf6 34. Nd3 Rc8 35. Rb4 Rc7 36. a5 g5 37. Rb6 h4+ 38. Kg2 Kg7 39. Nb4 d4 40.
Rd6 Rd7 41. Rb6 d3 42. Nxd3 Rxd3 43. Rxb7 Bd5 44. Rb6 Rxf3 0-1

[Event "10. Longericher Sommer-Open A"]
[Site "?"]
[Date "2013.07.20"]
[Round "3.7"]
[White "van der Valk, Niklas"]
[Black "Brandl, Lea Maria"]
[Result "1-0"]
[WhiteElo "2106"]
[BlackElo "1715"]
[PlyCount "55"]
[EventDate "2013.??.??"]
[WhiteTeam "Godesberger SK 1929 e.V."]
[BlackTeam "TSV Schott Mainz"]

1. d4 Nf6 2. c4 g6 3. Nc3 d5 4. f3 Bg7 5. e4 dxe4 6. fxe4 O-O 7. Nf3 Nbd7 8. e5
Ne8 9. Bf4 b6 10. Bd3 Bb7 11. Qe2 Kh8 12. h4 f6 13. e6 Nb8 14. h5 gxh5 15. Rxh5
f5 16. O-O-O Nc6 17. d5 Nb4 18. Bxf5 Nf6 19. Ng5 h6 20. Nf7+ Rxf7 21. exf7 Qf8
22. Be6 Nxh5 23. Qxh5 Bc8 24. a3 Bxe6 25. dxe6 Nc6 26. Rh1 Nd4 27. Qg6 Nb3+ 28.
Kb1 1-0

[Event "10. Longericher Sommer-Open A"]
[Site "?"]
[Date "2013.07.20"]
[Round "3.8"]
[White "Beck, Gerald"]
[Black "Meyer, Henrik"]
[Result "1-0"]
[WhiteElo "2079"]
[BlackElo "1667"]
[PlyCount "58"]
[EventDate "2013.??.??"]
[WhiteTeam "SAbt TSV Haunstetten"]
[BlackTeam "SK Turm Euskirchen 65"]

1. c4 f5 2. g3 Nf6 3. Bg2 d6 4. Nc3 c6 5. d4 g6 6. Nf3 Bg7 7. O-O O-O 8. Bg5
Nbd7 9. Qd2 Qe8 10. Bh6 e5 11. Bxg7 Kxg7 12. dxe5 dxe5 13. Qd6 e4 14. Nd4 Nb6
15. b3 e3 16. f4 Ne4 17. Nxe4 fxe4 18. Nc2 Bg4 19. Qd4+ Kg8 20. Qxe3 Rd8 21.
Rad1 Rxd1 22. Rxd1 c5 23. Rd2 Qe7 24. Qxe4 Qxe4 25. Bxe4 Re8 26. Bd3 Bf5 27.
Bxf5 gxf5 28. Kf2 Kf7 29. a4 Nd7 1-0

[Event "10. Longericher Sommer-Open A"]
[Site "?"]
[Date "2013.07.20"]
[Round "3.9"]
[White "Theißen, Frank"]
[Black "Arlt, Klaus"]
[Result "0-1"]
[WhiteElo "1734"]
[BlackElo "2034"]
[PlyCount "104"]
[EventDate "2013.??.??"]
[WhiteTeam "SF 1974 Heinsberg e.V"]
[BlackTeam "SF Köln-Mülheim e.V."]

1. e4 c6 2. d4 d5 3. Nc3 dxe4 4. Nxe4 Bf5 5. Ng3 Bg6 6. h4 h6 7. Nf3 Nd7 8. h5
Bh7 9. Bd3 Bxd3 10. Qxd3 Ngf6 11. Bd2 e6 12. O-O-O Qc7 13. Ne4 O-O-O 14. Nxf6
gxf6 15. Qb3 Nb6 16. g3 Be7 17. Bf4 Bd6 18. Bxd6 Qxd6 19. Rhe1 Qd5 20. Qxd5
cxd5 21. b3 Kd7 22. Nh2 Rhg8 23. Rg1 Nc8 24. f3 Nd6 25. Ng4 Ke7 26. Nf2 Rg7 27.
Rd3 Rdg8 28. g4 Rc8 29. Kd2 Rc6 30. a4 Rg8 31. Rc3 Rxc3 32. Kxc3 f5 33. Kd3
fxg4 34. Rxg4 Rg5 35. Rh4 Nf5 36. Rh2 Rg3 37. Rh3 Rxh3 38. Nxh3 Kf6 39. c4
dxc4+ 40. bxc4 Ng3 41. a5 Nxh5 42. c5 Ke7 43. Nf2 Nf6 44. Kc4 Nd5 45. Nh3 Kd7
46. Nf2 f5 47. Nd3 a6 48. Ne5+ Kc7 49. Nf7 h5 50. Ng5 Kd7 51. Kb3 h4 52. Kc4
Nf4 0-1

[Event "10. Longericher Sommer-Open A"]
[Site "?"]
[Date "2013.07.20"]
[Round "3.10"]
[White "Marcziter, Dmitrii"]
[Black "Boschek, Hans-Joachim"]
[Result "1-0"]
[WhiteElo "2283"]
[BlackElo "1915"]
[PlyCount "43"]
[EventDate "2013.??.??"]
[WhiteTeam "DJK Aufwärts St. Josef Aachen 19"]
[BlackTeam "SV 1922 Hilden"]

1. d4 Nf6 2. Nf3 e6 3. c4 d5 4. Nc3 c6 5. Bg5 Nbd7 6. cxd5 exd5 7. e3 Be7 8.
Qc2 O-O 9. Bd3 Re8 10. O-O Nf8 11. Rae1 Be6 12. Ne5 Ng4 13. Bxe7 Qxe7 14. f4 f6
15. Nf3 Rac8 16. e4 Qd7 17. f5 Bf7 18. e5 fxe5 19. dxe5 Qc7 20. e6 Qb6+ 21. Kh1
Bxe6 22. Na4 1-0

[Event "10. Longericher Sommer-Open A"]
[Site "?"]
[Date "2013.07.20"]
[Round "3.11"]
[White "Herzum, Peter"]
[Black "Pick, Stefan"]
[Result "1-0"]
[WhiteElo "1882"]
[BlackElo "2159"]
[PlyCount "87"]
[EventDate "2013.??.??"]
[WhiteTeam "Düsseldorfer SK 14/25 e."]
[BlackTeam "SK Kerpen 64 e.V."]

1. e4 d5 2. exd5 Nf6 3. d4 Nxd5 4. Nf3 Bg4 5. Be2 e6 6. O-O Be7 7. c4 Nb6 8.
Nc3 O-O 9. Be3 Nc6 10. b3 f5 11. h3 Bh5 12. Qd2 Bb4 13. Rfc1 f4 14. Bxf4 Bxf3
15. Bxf3 Nxd4 16. Bg4 c5 17. Qe3 Qf6 18. Bd6 Rfe8 19. Ne4 Qg6 20. a3 Nf5 21.
Qf4 Ba5 22. Bxc5 Nd7 23. b4 Bb6 24. Bxb6 Nxb6 25. Nc5 Rad8 26. Nxe6 Rxe6 27.
Qxf5 Qxf5 28. Bxf5 Re5 29. Bg4 Nc8 30. Rd1 Rde8 31. Kf1 Kf7 32. Rd7+ R5e7 33.
Rad1 g6 34. Bf3 b6 35. Rxe7+ Kxe7 36. Re1+ Kf8 37. Rxe8+ Kxe8 38. Ke2 Ke7 39.
c5 bxc5 40. bxc5 Kd8 41. Kd3 Ne7 42. g4 Kd7 43. Kd4 g5 44. Be4 1-0

[Event "10. Longericher Sommer-Open A"]
[Site "?"]
[Date "2013.07.20"]
[Round "3.13"]
[White "Cremerius, Armin"]
[Black "Gutt, Oswald"]
[Result "0-1"]
[WhiteElo "1791"]
[BlackElo "2018"]
[PlyCount "62"]
[EventDate "2013.??.??"]
[WhiteTeam "Sportfreunde Katernberg 1913 e.V"]
[BlackTeam "Bergische SF 1923 Ber"]

1. d4 Nf6 2. Nf3 e6 3. e3 b6 4. Bd3 Bb7 5. Nbd2 c5 6. c3 Be7 7. O-O O-O 8. Re1
d5 9. e4 cxd4 10. Nxd4 Nc6 11. exd5 Nxd4 12. cxd4 Qxd5 13. Ne4 Rfd8 14. Nxf6+
Bxf6 15. Be4 Qd7 16. Bxb7 Qxb7 17. Qb3 Rxd4 18. Be3 Rd5 19. a4 Rad8 20. a5 Bd4
21. Bf4 b5 22. Rac1 e5 23. Bg5 R8d7 24. Rc2 Bc5 25. Qg3 f5 26. Qc3 h6 27. Bc1
b4 28. Qc4 Kh7 29. b3 Bd4 30. Qe2 Bc3 31. Rf1 Rxa5 0-1

[Event "10. Longericher Sommer-Open A"]
[Site "?"]
[Date "2013.07.20"]
[Round "3.14"]
[White "Speck, Stefan"]
[Black "Leontiev, Oleg"]
[Result "1/2-1/2"]
[WhiteElo "1998"]
[BlackElo "1892"]
[PlyCount "85"]
[EventDate "2013.??.??"]
[WhiteTeam "SC Solingen 1928 e.V."]
[BlackTeam "Godesberger SK 1929 e.V."]

1. d4 Nf6 2. c4 e6 3. Nc3 d5 4. Nf3 c6 5. e3 Nbd7 6. Bd3 dxc4 7. Bxc4 b5 8. Bb3
b4 9. Ne2 Bd6 10. Ng3 Ba6 11. Nd2 O-O 12. Bc4 Qb6 13. Qe2 Bb7 14. Bd3 Qc7 15.
Nc4 Be7 16. e4 e5 17. Nf5 Rfe8 18. dxe5 Nxe5 19. Nxe5 Qxe5 20. f4 Qc7 21. O-O
Bf8 22. Qc2 g6 23. Ne3 c5 24. e5 Nd5 25. Nc4 Nb6 26. b3 Nxc4 27. Bxc4 Rad8 28.
Bb2 Bd5 29. Rad1 Bxc4 30. Qxc4 Rxd1 31. Rxd1 Rd8 32. Rd5 Be7 33. Qd3 Rxd5 34.
Qxd5 Qd8 35. Qxd8+ Bxd8 36. Kf1 Kf8 37. Ke2 Ke7 38. Kd3 Kd7 39. Kc4 Kc6 40. g4
Bh4 41. Bc1 Bf2 42. Bd2 a5 43. h3 1/2-1/2

[Event "10. Longericher Sommer-Open A"]
[Site "?"]
[Date "2013.07.20"]
[Round "3.15"]
[White "Alvermann, Christian"]
[Black "Lambertz, Michael"]
[Result "1/2-1/2"]
[WhiteElo "1754"]
[BlackElo "1985"]
[PlyCount "53"]
[EventDate "2013.??.??"]
[WhiteTeam "VfB Schach Leipzig e.V."]
[BlackTeam "SF Esch e.V."]

1. e4 e6 2. d3 d5 3. Nd2 Nf6 4. g3 Bc5 5. Bg2 dxe4 6. Nxe4 Nxe4 7. Bxe4 Qe7 8.
Ne2 O-O 9. O-O c6 10. c3 f5 11. Bg2 e5 12. Qc2 Bd6 13. Re1 f4 14. Nxf4 Qf7 15.
Nh3 h6 16. Be3 b6 17. b4 Qh5 18. Qb3+ Kh8 19. b5 Bxh3 20. Bh1 Qf7 21. bxc6 Qc7
22. Qc4 Bc8 23. a4 Rd8 24. a5 bxa5 25. Rab1 Be7 26. Rb7 Qd6 27. Rxe7 1/2-1/2

[Event "10. Longericher Sommer-Open A"]
[Site "?"]
[Date "2013.07.20"]
[Round "3.16"]
[White "Ramien, David"]
[Black "Rokitta, Uwe"]
[Result "1/2-1/2"]
[WhiteElo "1726"]
[BlackElo "1968"]
[PlyCount "47"]
[EventDate "2013.??.??"]
[WhiteTeam "SG Porz e.V."]
[BlackTeam "SC 1919 Siegburg e.V."]

1. e4 c5 2. Nf3 g6 3. d4 Bg7 4. dxc5 Qa5+ 5. c3 Qxc5 6. Be3 Qa5 7. Nbd2 Nc6 8.
Nc4 Qc7 9. Bd3 b5 10. Ncd2 a6 11. Nb3 Nf6 12. Qd2 Ng4 13. Bf4 e5 14. Bg3 O-O
15. O-O d6 16. Rad1 h6 17. Ne1 Rd8 18. Nc2 f5 19. h3 Nf6 20. exf5 gxf5 21. Bh4
Qf7 22. Ne3 Ne7 23. f4 e4 24. Bc2 1/2-1/2

[Event "10. Longericher Sommer-Open A"]
[Site "?"]
[Date "2013.07.20"]
[Round "3.17"]
[White "Whitmire, James David"]
[Black "Runte, Dirk"]
[Result "1-0"]
[WhiteElo "1968"]
[BlackElo "1742"]
[PlyCount "33"]
[EventDate "2013.??.??"]
[WhiteTeam "Post-Telekom SV 1925 Aachen e.V."]
[BlackTeam "SV Fideler Bauer Lever"]

1. d4 Nf6 2. Nf3 e6 3. e3 d5 4. Bd3 c5 5. b3 Nc6 6. O-O Be7 7. Bb2 O-O 8. a3 a6
9. dxc5 Bxc5 10. b4 Bd6 11. c4 dxc4 12. Bxc4 b5 13. Bb3 Ng4 14. Nbd2 Nge5 15.
Ne4 Nxf3+ 16. Qxf3 Ne5 17. Qg3 1-0

[Event "10. Longericher Sommer-Open A"]
[Site "?"]
[Date "2013.07.20"]
[Round "3.19"]
[White "Brecker, Hans-Jörg"]
[Black "Meyer, Stefan"]
[Result "1-0"]
[WhiteElo "1963"]
[BlackElo "1754"]
[PlyCount "55"]
[EventDate "2013.??.??"]
[WhiteTeam "SF Erkelenz 1959 e.V."]
[BlackTeam "SV Grevenbroich 1953"]

1. d4 Nf6 2. c4 Nc6 3. Nf3 e6 4. Bf4 Bb4+ 5. Nbd2 O-O 6. e3 d5 7. a3 Bd6 8. Bg5
h6 9. Bh4 Be7 10. h3 Ne4 11. Bxe7 Qxe7 12. Qc2 Nxd2 13. Nxd2 Rd8 14. Bd3 e5 15.
cxd5 Rxd5 16. Be4 Rd6 17. Nc4 Rf6 18. d5 Nb8 19. O-O Nd7 20. b4 Nb6 21. Rac1
Bf5 22. Bxf5 Nxc4 23. Qxc4 Rxf5 24. Qxc7 Qxc7 25. Rxc7 b6 26. d6 Rd8 27. d7 Kh7
28. Rd1 1-0

[Event "10. Longericher Sommer-Open A"]
[Site "?"]
[Date "2013.07.20"]
[Round "3.20"]
[White "Thierkopf, Guido"]
[Black "Lantsman, Boris"]
[Result "1/2-1/2"]
[WhiteElo "1710"]
[BlackElo "1870"]
[PlyCount "93"]
[EventDate "2013.??.??"]
[WhiteTeam "Brühler SK 1920 e.V."]
[BlackTeam "SF Köln-Longerich 195"]

1. e4 e5 2. Nf3 Nc6 3. Bb5 a6 4. Ba4 d6 5. O-O Nf6 6. Nc3 Bg4 7. Re1 b5 8. Bb3
Nd4 9. d3 Be7 10. Be3 Nxf3+ 11. gxf3 Bh3 12. f4 exf4 13. Bxf4 O-O 14. e5 dxe5
15. Bxe5 Bd6 16. Bg3 Bxg3 17. hxg3 Qd4 18. Ne2 Qb6 19. Nf4 Bg4 20. Qd2 Rae8 21.
Nd5 Qd6 22. Qb4 Nxd5 23. Qxd6 cxd6 24. Bxd5 Be6 25. Bb7 Bc8 26. Bc6 Rd8 27. Re7
g6 28. Rae1 Kg7 29. Ra7 d5 30. Re5 d4 31. Ree7 Kf6 32. Rec7 Ke6 33. Bb7 Bxb7
34. Rcxb7 Rd6 35. Re7+ Kf6 36. Red7 Rxd7 37. Rxd7 Rc8 38. Rxd4 Rxc2 39. Rd6+
Kg7 40. Rxa6 Rxb2 41. Rb6 Rxa2 42. Rxb5 Rd2 43. Rb3 Kf6 44. Kg2 Ke5 45. Kf3 Kd4
46. Rb4+ Kxd3 47. Rb7 1/2-1/2

[Event "10. Longericher Sommer-Open A"]
[Site "?"]
[Date "2013.07.20"]
[Round "3.21"]
[White "Berkle, Pascal"]
[Black "Rost, Vincent"]
[Result "1-0"]
[WhiteElo "1805"]
[BlackElo "1739"]
[PlyCount "45"]
[EventDate "2013.??.??"]
[WhiteTeam "SV Erftstadt e.V."]
[BlackTeam "SV Erftstadt e.V."]

1. e4 e5 2. Nf3 Nc6 3. Bc4 Bc5 4. d3 Nf6 5. c3 O-O 6. O-O d5 7. exd5 Nxd5 8.
Bb5 Re8 9. Re1 Qd6 10. Bxc6 bxc6 11. d4 Bb6 12. c4 Ba5 13. Rxe5 Nf6 14. Rxa5
Bg4 15. Ra3 Rad8 16. Be3 c5 17. d5 c6 18. Nc3 cxd5 19. cxd5 Nxd5 20. Qxd5 Qxd5
21. Nxd5 Rxd5 22. Rxa7 Red8 23. h3 1-0

[Event "10. Longericher Sommer-Open A"]
[Site "?"]
[Date "2013.07.20"]
[Round "3.22"]
[White "Zilberman, Rodion"]
[Black "Rieger, Isabelle"]
[Result "1-0"]
[WhiteElo "1794"]
[BlackElo "1712"]
[PlyCount "47"]
[EventDate "2013.??.??"]
[WhiteTeam "SF Köln-Longerich 195"]
[BlackTeam "SV Fideler Bauer Lever"]

1. d4 Nf6 2. c4 g6 3. Nc3 Bg7 4. e4 d6 5. f3 O-O 6. Be3 Nc6 7. Qd2 e5 8. d5 Ne7
9. Bd3 Nd7 10. Nge2 a5 11. g4 f5 12. gxf5 gxf5 13. exf5 Nxf5 14. Bg5 Qe8 15.
O-O-O Nc5 16. Bc2 Nd4 17. Nxd4 exd4 18. Nb5 d3 19. Rde1 Qf7 20. Bd1 a4 21. Rhg1
Kh8 22. Re7 Qh5 23. Rxg7 Kxg7 24. Qc3+ 1-0

[Event "10. Longericher Sommer-Open A"]
[Site "?"]
[Date "2013.07.20"]
[Round "3.23"]
[White "Andrijenko, Anatoliy"]
[Black "Goldenstein, Arnd"]
[Result "0-1"]
[WhiteElo "1914"]
[BlackElo "2037"]
[PlyCount "79"]
[EventDate "2013.??.??"]
[WhiteTeam "SF Köln-Longerich 195"]
[BlackTeam "Klub Kölner SF e.V. 1"]

1. e4 e5 2. Bc4 Nf6 3. d4 exd4 4. Nf3 Nc6 5. O-O Nxe4 6. Nxd4 d5 7. Bb5 Bd7 8.
Bxc6 bxc6 9. f3 Nc5 10. Re1+ Ne6 11. f4 Bc5 12. f5 Qf6 13. Be3 Bxd4 14. Qxd4
Qxf5 15. Bh6 Rg8 16. Bd2 f6 17. Nc3 Kf7 18. Qh4 Qxc2 19. Re2 Qd3 20. Rae1 Rae8
21. Qb4 Qd4+ 22. Qxd4 Nxd4 23. Rxe8 Rxe8 24. Rxe8 Bxe8 25. Be3 c5 26. Nxd5 c6
27. Nc3 Ke6 28. Kf2 Ke5 29. b3 a6 30. Na4 Kd5 31. Nb6+ Ke4 32. Na4 Kd5 33. Nb6+
Ke6 34. Na4 Kd6 35. Nb6 Bf7 36. Bf4+ Ke6 37. Ke3 g5 38. Bc7 f5 39. g3 g4 40.
Bf4 {Notation nicht nachvollziehbar.} 0-1

[Event "10. Longericher Sommer-Open A"]
[Site "?"]
[Date "2013.07.20"]
[Round "3.24"]
[White "Karwatzki, Hans-Jürgen"]
[Black "Weinmann-Musset, Manfred"]
[Result "0-1"]
[WhiteElo "1714"]
[BlackElo "1949"]
[PlyCount "94"]
[EventDate "2013.??.??"]
[WhiteTeam "Vereinigung der Schachsportfreun"]
[BlackTeam "Ford-SF Köln e.V."]

1. e4 c5 2. Nc3 e6 3. f4 a6 4. Nf3 Nc6 5. a3 d5 6. e5 h5 7. d4 b6 8. Ne2 Nh6 9.
c3 a5 10. Ng3 g6 11. Bb5 Bd7 12. Qc2 h4 13. Ne2 Nf5 14. O-O Rc8 15. Bd2 Nxe5
16. Bxd7+ Nxd7 17. Rae1 Bd6 18. Qd3 c4 19. Qb1 a4 20. Ng5 Kf8 21. Rf3 Rc6 22.
g4 hxg3 23. Nxg3 Nh4 24. Rff1 Be7 25. Nf3 Kg7 26. Ne5 Nxe5 27. fxe5 Rh7 28. Qd1
Nf5 29. Bf4 b5 30. Re2 Rc7 31. Nxf5+ exf5 32. e6 Bd6 33. Qd2 Rh4 34. Kh1 f6 35.
Bxd6 Qxd6 36. Qe1 Re4 37. Rxe4 dxe4 38. Qg3 Qxg3 39. hxg3 Kf8 40. g4 Ke7 41.
gxf5 gxf5 42. Rxf5 Kxe6 43. Rxb5 Rg7 44. Rh5 f5 45. d5+ Ke5 46. d6 Rd7 47. Kg1
Rxd6 0-1

[Event "10. Longericher Sommer-Open A"]
[Site "?"]
[Date "2013.07.20"]
[Round "3.25"]
[White "Schwark, Mario"]
[Black "Süß, Stefan"]
[Result "1-0"]
[WhiteElo "1944"]
[BlackElo "1822"]
[PlyCount "73"]
[EventDate "2013.??.??"]
[WhiteTeam "SG Kalker/Deutze"]
[BlackTeam "Mosbacher SC von 1931"]

1. d4 Nf6 2. Nf3 g6 3. c4 Bg7 4. Nc3 d6 5. e4 O-O 6. Be2 Bg4 7. Be3 Nfd7 8. Ng5
Bxe2 9. Qxe2 Nc6 10. O-O-O e5 11. dxe5 Bxe5 12. f4 Bxc3 13. bxc3 h6 14. Nf3 Qe7
15. Qd3 Nf6 16. Nd2 Rae8 17. Rhe1 Ng4 18. Bg1 Qh4 19. Nf3 Qf6 20. g3 h5 21. h3
Nh6 22. Nd4 Nxd4 23. Bxd4 Qe6 24. g4 hxg4 25. hxg4 Nxg4 26. Rh1 Nf6 27. f5 Qe7
28. Rdg1 Kg7 29. fxg6 fxg6 30. e5 Qf7 31. exf6+ Qxf6 32. Bxf6+ Rxf6 33. Qh3 Rg8
34. Qd7+ Rf7 35. Rh7+ Kxh7 36. Qxf7+ Rg7 37. Rh1# 1-0

[Event "10. Longericher Sommer-Open A"]
[Site "?"]
[Date "2013.07.20"]
[Round "3.26"]
[White "Bieberle, Gerhart"]
[Black "Gula, Julian"]
[Result "1-0"]
[WhiteElo "1924"]
[BlackElo "1736"]
[PlyCount "56"]
[EventDate "2013.??.??"]
[WhiteTeam "Post-Telekom SV 1925 Aachen e.V."]
[BlackTeam "Verein f. Sport u. Freizeit v. 1"]

1. Nf3 Nf6 2. d4 g6 3. c4 Bg7 4. Nc3 d6 5. h3 O-O 6. e4 e5 7. d5 a5 8. Bd3 Na6
9. Bg5 Nc5 10. Bc2 h6 11. Be3 Nfd7 12. g4 Nb6 13. Qe2 f5 14. Bxc5 dxc5 15. gxf5
gxf5 16. O-O-O f4 17. Rdg1 Kh7 18. Rxg7+ Kxg7 19. Nxe5 Qg5 20. Nf3 Qf6 21. e5
Qf7 22. e6 Qf6 23. Rg1+ Kh8 24. Rg6 Qe7 25. Rxh6+ Kg8 26. Ne5 f3 27. Rg6+ Kh8
28. Qe3 Qh4 1-0

[Event "10. Longericher Sommer-Open A"]
[Site "?"]
[Date "2013.07.22"]
[Round "4.1"]
[White "Dijkhuis, Tycho"]
[Black "Dijkhuis, Sven"]
[Result "1-0"]
[WhiteElo "2152"]
[BlackElo "1793"]
[PlyCount "109"]
[EventDate "2013.??.??"]
[WhiteTeam "Schaakclub Utrecht (NL)"]
[BlackTeam "Schaakclub Utrecht (NL)"]

1. Nf3 Nf6 2. c4 e6 3. d4 c5 4. g3 cxd4 5. Nxd4 Bc5 6. Nb3 Bb4+ 7. Nc3 Qc7 8.
Qd3 Qc6 9. f3 d5 10. cxd5 Nxd5 11. Bd2 O-O 12. Nxd5 Bxd2+ 13. Qxd2 exd5 14. Bg2
Qd6 15. O-O Rd8 16. Rfd1 Be6 17. Rac1 Nc6 18. f4 Qe7 19. Nc5 Rac8 20. b4 b6 21.
Nxe6 fxe6 22. a3 Qf6 23. e4 dxe4 24. Rxc6 Rxd2 25. Rxc8+ Kf7 26. Rc7+ Ke8 27.
Rxd2 Qa1+ 28. Bf1 e3 29. Rdc2 e2 30. Rxe2 Qd4+ 31. Rf2 a5 32. Bb5+ Kf8 33. Rd7
Qe3 34. Rd3 Qe1+ 35. Rf1 Qe4 36. Rfd1 Kf7 37. bxa5 bxa5 38. Rc3 Kf6 39. Bc6 Qe2
40. Bf3 Qb2 41. Re3 g6 42. Bg4 Kg7 43. Bxe6 Kh6 44. Bh3 Qb6 45. Rde1 a4 46. g4
Qd4 47. f5 gxf5 48. gxf5 Kg5 49. Kh1 Qd5+ 50. Bg2 Qd2 51. f6 Kxf6 52. Rf1+ Kg6
53. Rg3+ Kh5 54. Rg1 Kh4 55. Rb1 1-0

[Event "10. Longericher Sommer-Open A"]
[Site "?"]
[Date "2013.07.22"]
[Round "4.2"]
[White "Jesse, Ingemars"]
[Black "Beck, Gerald"]
[Result "1-0"]
[WhiteElo "2320"]
[BlackElo "2079"]
[PlyCount "65"]
[EventDate "2013.??.??"]
[WhiteTeam "LSV Turm Lippstadt"]
[BlackTeam "SAbt TSV Haunstetten"]

1. g3 Nf6 2. Bg2 d5 3. d3 c6 4. Nd2 e5 5. e4 Bg4 6. Ngf3 dxe4 7. dxe4 Bc5 8.
O-O O-O 9. Qe1 Nbd7 10. h3 Be6 11. Ng5 Qe7 12. Nxe6 Qxe6 13. Qe2 b5 14. Re1
Rfe8 15. Nf1 Nb6 16. Ne3 g6 17. Qf3 Nfd7 18. h4 Bf8 19. h5 Nf6 20. g4 Bh6 21.
Bh3 Qe7 22. Nf5 gxf5 23. Bxh6 fxe4 24. Qf5 Kh8 25. Bg5 Nbd5 26. c4 bxc4 27.
Rxe4 Qe6 28. Bxf6+ Nxf6 29. Qxe6 Rxe6 30. Rxc4 Rg8 31. Kh2 Nd5 32. Rac1 Nf6 33.
g5 1-0